| Registos Bibliográficos associados ao registo de autoridade |
|
Etiqueta de registo: 00230nam 2200025 450 001 1369704 003 http://id.bnportugal.gov.pt/bib/catbnp/1369704 100 ## $a20060505d2004 k y0pory0103 ba 101 0# $apor 102 ## $aPT 105 ## $aa m 001yy 106 ## $ar 200 1# $aImagem e percepção$bTexto policopiado]$e do visível ao tangível$fSusana Nascimento Duarte 210 #9 $aLisboa$c[s.n.],$d2004 215 ## $a285 f.$d30 cm 320 ## $aBibliografia, f. 280-285 328 #0 $bTese mestr.$cCiências da Comunicação, Área de Cultura Contemporânea e Novas Tecnologias$eFac. de Ciências Sociais e Humanas, Univ. Nova de Lisboa$d2004 606 ## $aArte$xImpacto da tecnologia$j[Teses]$2SIPOR$31089777 606 ## $aImagens$xPercepção sensorial$xInfluências da tecnologia$x[Teses]$2SIPOR$31268933 606 ## $aImagens$xRepresentações (Psicologia)$xInfluências da tecnologia$x[Teses]$2SIPOR$31268934 675 ## $a7.04(043)$vBN$zpor$3599306 675 ## $a159.9(043)$vBN$zpor$3299744 675 ## $a316.77(043)$vBN$zpor$3601801 675 ## $a004.4(043)$vBN$zpor$3787169 700 #1 $aDuarte,$bSusana Nascimento$31238654 712 02 $aUniversidade Nova de Lisboa.$bFaculdade de Ciências Sociais e Humanas.$bDepartamento de Ciências da Comunicação$4295$3230283 801 #0 $aPT$bBN$gRPC 966 ## $lBN$mFGMON$sB.A. 25873 V.$x1
Etiqueta de registo: 00000nam 2200025 450 001 1918857 003 http://id.bnportugal.gov.pt/bib/catbnp/1918857 100 ## $a20151230d2015 k y0pory01030103ba 101 0# $apor$deng 102 ## $aPT 105 ## $ay m 001yy 106 ## $ar 200 1# $a O figural no cinema contemporâneo$earticulações e disjunções do vísível e do dizível$fSusana Nascimento Duarte$gorient. João Mário Grilo 210 #9 $aLisboa$c[s.n.],$d2015 215 ## $a430 p.$d30 cm 320 ## $aBibliografia, p. 407-430 328 #1 $aTese dout. Ciências da Comunicação (Cinema e Televisão), Fac. de Ciências Sociais
e Humanas, Univ. Nova de Lisboa, 2015 675 ## $a791.01(043)$vBN$zpor$31248912 700 #1 $aDuarte,$bSusana Nascimento$31238654 702 #1 $aGrilo,$bJoão Mário,$f1958-$4727$340135 801 #0 $aPT$bBN$gRPC 966 ## $lBN$mFGMON$sB.A. 39816 V.$x1
Etiqueta de registo: 00000nam 2200025 450 001 1958241 003 http://id.bnportugal.gov.pt/bib/catbnp/1958241 010 ## $a978-972-8827-88-5 021 ## $aPT$b402903/15 100 ## $a20170314d2015 m y0pory01030103ba 101 0# $apor 102 ## $aPT 105 ## $ay z 000zy 106 ## $ar 200 1# $a O cinema que faz escrever$etextos críticos$fSerge Daney$gorg. Clara Rowland, Francisco Frazão, Susana Nascimento Duarte$gtrad. Joana Frazão, Ana Eliseu 210 #9 $aCoimbra$cAngelus Novus,$d2015 215 ## $a267, [2] p$d23 cm 675 ## $a791(046)$vBN$zpor$31622507 675 ## $a821.133.1-92"19"$vBN$zpor$3589059 700 #1 $aDaney,$bSerge,$f1944-1992$31675185 702 #1 $aRowland,$bClara,$f1978-$4340$3277683 702 #1 $aFrazão,$bFrancisco$4340$31047722 702 #1 $aDuarte,$bSusana Nascimento$4340$31238654 702 #1 $aFrazão,$bJoana$4730$31176589 702 #1 $aEliseu,$bAna$4730$31675187 801 #0 $aPT$bBN$gRPC 856 41 $uhttp://rnod.bnportugal.gov.pt/ImagesBN/winlibimg.aspx?skey=&doc=1958241&img=92341&save=true 900 ## $aBIBNAC$d20170420 966 ## $lBN$mFGMON$sB.A. 41553 V.$x1 966 ## $lBN$mFGMON$sB.A. 41553 V.-D$x1
Etiqueta de registo: 00000nam 2200025 450 001 2284558 003 http://id.bnportugal.gov.pt/bib/catbnp/2284558 010 ## $a978-989-36128-3-5 021 ## $aPT$b545123/25 100 ## $a20260316d2025 m d0pory01030103ba 101 1# $apor$aeng 102 ## $aPT 105 ## $aa z 000yy 106 ## $ar 200 1# $a Um território comum$eresidências de investigação artística do mestrado em artes do som e da imagem da ESAD-CR
na OSSO Associação Cultural 2022-2024$d A common territory$eartistic research residences of the master in arts of sound and image ESAD-CR at OSSO
Associação Cultural 2022-2024$fSusana Nascimento Duarte, Ricardo Jacinto$gtrad. Peter Colwell$zeng 210 #9 $a[S.l.]$eLaboratório de Investigação Design e Artes,,$d2025 215 ## $a154, [3] p.$cil.$d24 cm 305 ## $aEd. bilingue em português e inglês 510 1# $a A common territory$eartistic research residences of the master in arts of sound and image ESAD-CR at OSSO
Associação Cultural 2022-2024$zeng 675 ## $a7.038.5A/Z"19/20"(042)$vBN$zpor$31825883 675 ## $a378.6(469.325)"2022/2024"(042)$vBN$zpor$31998593 700 #1 $aDuarte,$bSusana Nascimento$31238654 701 #1 $92$aJacinto,$bRicardo$4070$31995968 702 #1 $aColwell,$bPeter$4730$3724381 801 #0 $aPT$bBN$gRPC 856 41 $uhttp://rnod.bnportugal.gov.pt/ImagesBN/winlibimg.aspx?skey=&doc=2284558&img=222417&save=true 900 ## $aBIBNAC$d20260526 966 ## $lBN$mFGMON$sB.A. 53786 V.$x1 971 ## $ccsilva$d20260416 972 ## $e0$z0$d20260526$vasantos 973 ## $ctrodrigues$d20260515
|
|
|